• 首页
  • 本馆介绍
  • 公告通知
  • 最新文献
  • 馆藏检索
  • 电子资源
  • 读者导购
  • 参考咨询
  • 我的图书馆
  • 登录
  • 详细信息显示
  • 放入我的书架
  • 预约/预借图书
  • 作者相关作品
  • 分类相关作品
  • 丛书相关作品
  • 出版社相关作品

书目信息

  • 表格格式
  • 工作单格式
  • 卡片格式
题名:
中国封建社会形态研究
    
 
作者: 胡如雷 著
分册:  
出版信息: 北京   三联书店  1979
页数: 424页
开本: 20cm
丛书名:
单 册:
中图分类: K230.7
科图分类:
主题词: 封建社会--研究--中国
电子资源:
ISBN:
000 00590nam0 2200217 45
001 0179007742
005 20060724173443.04
010    @dCNY1.30
091    @aCN@b11002.499
100    @a19950726d1979 em y0chiy0121 ea
101 0  @achi
102    @aCN@b110000
105    @ay z 000yy
200 10 @a中国封建社会形态研究@Azhong guo feng jian she hui xing tai yan jiu@f胡如雷著
210    @a北京@c三联书店@d1979
215    @a424页@d20cm
606    @a封建社会@x研究@y中国
690    @aK230.7@v3
701  0 @a胡如雷@Ahu ru lei@4著
801  0 @aCN@bTSSF@c20060724
905    @a10447@dK230.7@e9
    
    中国封建社会形态研究/胡如雷著.-北京:三联书店,1979
    424页;20cm
    
    
    ISBN :CNY1.30
    
●
相关链接 在E读中查询图书 在五车中查询图书 在当当中查询图书 在豆瓣中查询图书


正题名:中国封建社会形态研究     索取号:K230.7/9         预约/预借

序号 登录号 条形码 馆藏地/架位号 状态 备注
1 0435993   204359933   密集书库/ [索取号:K230.7/9] 在馆    
2 1050629   210506291   王士立赠书/ [索取号:K230.7/9] 在馆    
唐山师范学院图书馆 欢迎您!
大连网信软件有限公司© 版权所有